000 00482nam a2200181Ia 4500
008 231217s9999 xx 000 0 und d
020 _a8178811375
041 _aEnglish
082 _a658.827 DAS;1 R
100 _aDas, Naveen ed.
245 0 _aNew age branding : concepts and cases V 1
260 _c2002
_bICFAI Press
_aHyderabad
300 _aix,180+A10
400 _aMarketing series
500 _aContent page available
650 _aage,branding,V,1
942 _cAA
999 _c188003
_d188003